00317nam a2200121Ia 4500008004100000041000800041082001900049100001600068245004500084260004800129300001100177365000700188240624s9999 xx 000 0 und d aeng a658.15224 TIR  aTIROLE JEAN aTHEORY OF CORPORATE FINANCE NOBEL LAUREA c2006aeconomicsbPrinceton University Press a656 p. cRS